000 00321nam a22001457a 4500
008 210302b ||||| |||| 00| 0 eng d
020 _a0316161373
041 _aeng
080 _a37
082 _a37
100 _a25
101 _aEDU
245 _aReadings on English as Second Language
_cCroft, K
942 _2udc
_cBK
999 _c55505
_d55505